Flood handbook: Principles and applications (Record no. 1237819)

MARC details
000 -LEADER
fixed length control field 00745nam a2200241Ia 4500
005 - DATE AND TIME OF LATEST TRANSACTION
control field 20250117103605.0
008 - FIXED-LENGTH DATA ELEMENTS--GENERAL INFORMATION
fixed length control field 008 250103s9999 xx 000 0 eng d
020 ## - INTERNATIONAL STANDARD BOOK NUMBER
International Standard Book Number 9781138584938
037 ## - SOURCE OF ACQUISITION
Stock number Textual
040 ## - CATALOGING SOURCE
Original cataloging agency CSL
Language of cataloging eng
Transcribing agency CSL
041 ## - LANGUAGE CODE
Language code of text/sound track or separate title eng
Source of code eng
084 ## - COLON CLASSIFICATION NUMBER
Classification number H422 R2
Assigning agency CSL
245 #0 - TITLE STATEMENT
Title Flood handbook: Principles and applications
Statement of responsibility, etc. Eslamian, Saeid (Ed.); Eslamian, Faezeh (Ed.)
260 ## - PUBLICATION, DISTRIBUTION, ETC.
Place of publication, distribution, etc. Boca Raton
Name of publisher, distributor, etc. CRC Press/T&F
Date of publication, distribution, etc. 2022
300 ## - PHYSICAL DESCRIPTION
Extent xv, 608p. ill.
650 ## - SUBJECT ADDED ENTRY--TOPICAL TERM
Topical term or geographic name entry element Flood measurement
9 (RLIN) 734071
650 ## - SUBJECT ADDED ENTRY--TOPICAL TERM
Topical term or geographic name entry element Past floods
9 (RLIN) 734072
650 ## - SUBJECT ADDED ENTRY--TOPICAL TERM
Topical term or geographic name entry element Geology
700 ## - ADDED ENTRY--PERSONAL NAME
Personal name Eslamian, Faezeh (Ed.)
9 (RLIN) 734073
700 ## - ADDED ENTRY--PERSONAL NAME
Personal name Eslamian, Saeid (Ed.)
9 (RLIN) 734074
942 ## - ADDED ENTRY ELEMENTS (KOHA)
Koha item type Textual
Classification part H422 R2
Holdings
Withdrawn status Lost status Damaged status Not for loan Home library Current library Date acquired Source of acquisition Inventory number Total Checkouts Full call number Barcode Date last seen Price effective from Koha item type
        Central Science Library Central Science Library 2025-01-17 Indica Publishers & Distributors Pvt. Ltd. 1360, 28/12/2023   H422 R2 SL1655769 2025-01-17 2025-01-17 Textual
Copyright @ Delhi University Library System